| 000 | 01274nam a22003017a 4500 | ||
|---|---|---|---|
| 999 |
_c64236 _d64236 |
||
| 005 | 20240530110721.0 | ||
| 008 | 180326s2016 ua bh g 000 0dara d | ||
| 017 |
_a2014/26259 _bمصر. دار الكتب |
||
| 020 | _a9789779200385 | ||
| 040 |
_aEG-CaGPL _cEG-CaGPL |
||
| 082 | 0 | 4 |
_221 _a341.5 \ _bت ح |
| 100 | 1 | _aتيلى، فرجينيا | |
| 245 | 1 | 0 |
_aحل الدولة الواحدة : _bانفراجة للسلام فى المسار الاسرائيلى الفلسطينى المغلق / _cتاليف فرجينيا تيلى ؛ ترجمة تقديم ربيع وهبة |
| 250 | _aط.1 | ||
| 260 |
_aالقاهرة : _bالمركز القومى للترجمة ، _c2016. |
||
| 300 |
_a502 ص. : _bايض ؛ _c24 سم. |
||
| 490 |
_aالمركز القومى للترجمة ؛ _v2350. |
||
| 650 | 0 | 7 |
_2qrmak _aالنزاع العربى الاسرائيلى |
| 650 | 0 | 7 |
_2qrmak _aاتفاقية طابا 2001 |
| 650 | 0 | 7 |
_2qrmak _aالاستيطان |
| 650 | 0 | 7 |
_2qrmak _aالقضية الفلسطينية |
| 650 | 0 | 7 |
_2qrmak _aالعرب واليهود |
| 650 | 0 | 7 |
_2qrmak _aالتاريخ الدبلوماسى |
| 651 | _2qrmak | ||
| 700 | 0 |
_aربيع وهبة _eمترجم ومقدم |
|
| 942 |
_2ddc _cBK |
||